|
|
|
|
| LEADER |
02448nam a2200469 i 4500 |
| 001 |
EBC3044257 |
| 003 |
MiAaPQ |
| 005 |
20200520144314.0 |
| 006 |
m o d | |
| 007 |
cr cnu|||||||| |
| 008 |
840717s1967 gw ob 100 0 ger|d |
| 020 |
|
|
|z 9783110060263
|
| 020 |
|
|
|a 9783110875980 (e-book)
|
| 035 |
|
|
|a (MiAaPQ)EBC3044257
|
| 035 |
|
|
|a (Au-PeEL)EBL3044257
|
| 035 |
|
|
|a (CaPaEBR)ebr10782218
|
| 035 |
|
|
|a (OCoLC)922947464
|
| 040 |
|
|
|a MiAaPQ
|b eng
|e rda
|e pn
|c MiAaPQ
|d MiAaPQ
|
| 043 |
|
|
|a e-gw---
|
| 050 |
|
4 |
|a KK5392
|b .V47 1967
|
| 110 |
2 |
|
|a Vereinigung der Deutschen Staatsrechtslehrer.
|b Tagung
|d (1966 :
|c Graz, Austria)
|
| 245 |
1 |
4 |
|a Das Staatsoberhaupt in der parlamentarischen Demokratie :
|b Verwaltung durch Subvention /
|c Berichte von Otto Kimminich [and three others].
|
| 264 |
|
1 |
|a Berlin :
|b De Gruyter,
|c 1967.
|
| 300 |
|
|
|a 1 online resource (461 pages).
|
| 336 |
|
|
|a text
|2 rdacontent
|
| 337 |
|
|
|a computer
|2 rdamedia
|
| 338 |
|
|
|a online resource
|2 rdacarrier
|
| 440 |
|
0 |
|a Veroffentlichungen der Vereinigung der Deutschen Staatsrechtslehrer ;
|v Heft 25
|
| 500 |
|
|
|a "Berichte ... und Aussprache zu den Berichten in den Verhandlungen der Tagung der Deutschen Staatsrechtslehrer zu Graz vom 12. bis 15. Oktober 1966."
|
| 504 |
|
|
|a Includes bibliographical references.
|
| 588 |
|
|
|a Description based on print version record.
|
| 590 |
|
|
|a Electronic reproduction. Ann Arbor, MI : ProQuest, 2015. Available via World Wide Web. Access may be limited to ProQuest affiliated libraries.
|
| 650 |
|
0 |
|a Heads of state
|z Germany (West)
|v Congresses.
|
| 650 |
|
0 |
|a Representative government and representation
|z Germany (West)
|v Congresses.
|
| 650 |
|
0 |
|a Administrative law
|z Germany (West)
|v Congresses.
|
| 650 |
|
0 |
|a Subsidies
|x Law and legislation
|z Germany (West)
|v Congresses.
|
| 655 |
|
4 |
|a Electronic books.
|
| 700 |
1 |
|
|a Kimminich, Otto.
|
| 710 |
2 |
|
|a Vereinigung der Deutschen Staatsrechtslehrer.
|b Tagung
|d (1966 :
|c Graz, Austria)
|
| 776 |
0 |
8 |
|i Print version:
|a Vereinigung der Deutschen Staatsrechtslehrer.
|t Das Staatsoberhaupt in der parlamentarischen Demokratie : Verwaltung durch Subvention.
|d Berlin : De Gruyter, 1967
|h 457 pages ; 23 cm.
|k Veroffentlichungen der Vereinigung der Deutschen Staatsrechtslehrer ; Heft 25
|z 9783110060263
|w (OCoLC)10956926
|w (DLC) 78362451
|
| 797 |
2 |
|
|a ProQuest (Firm)
|
| 856 |
4 |
0 |
|u https://ebookcentral.proquest.com/lib/matrademy/detail.action?docID=3044257
|z Click to View
|